| 000 | 01505nam a2200385 c 4500 | ||
|---|---|---|---|
| 001 | 53881 | ||
| 003 | ES-MaCES | ||
| 005 | 20250827141122.0 | ||
| 007 | cr ||||||||||| | ||
| 008 | 250827s2025 fr || r i000 | eng d | ||
| 020 | _a9789264598546 (pdf) | ||
| 040 |
_aES-MaCES _bspa _cES-MaCES |
||
| 245 | 0 | 0 |
_aTaxing wages 2025 _hRecurso electrónico _b: decomposition of personal income taxes and the role of tax reliefs |
| 260 |
_aParis _bOECD _c[2025] |
||
| 300 |
_a 1 documento pdf _bgraf., mapas col. _e(1,3 mb) |
||
| 541 | _cSuscripción conjunta | ||
| 650 | 4 |
_aimpuesto sobre la renta de personas físicas _928084 |
|
| 650 | 4 |
_aexención tributaria _928089 |
|
| 650 | 4 |
_asalario _928387 |
|
| 650 | 4 |
_acoste de la mano de obra _928283 |
|
| 650 | 4 |
_aanálisis de costes y beneficios _928281 |
|
| 650 | 4 |
_agestión de las prestaciones _930736 |
|
| 650 | 4 |
_aadministración de la seguridad social _930264 |
|
| 650 | 4 |
_apaís de la OCDE _929055 |
|
| 650 | 4 |
_a2025 _931384 |
|
| 650 | 4 |
_aestudio de casos _928846 |
|
| 650 | 4 |
_acomparación _928892 |
|
| 653 | 1 | 0 | _aFiscalidad |
| 710 | 2 |
_aOrganización de Cooperación y Desarrollo Económico _eed. _94694 |
|
| 787 | 0 |
_tTaxing wages 2023 _w(ES-MaCES)52750 |
|
| 856 | 4 |
_uhttp://biblioteca.ces.es/repintra/B53881.pdf _ytexto completo _z[intranet] |
|
| 856 | 4 |
_uhttps://doi.org/10.1787/b3a95829-en _yhttps://doi.org/10.1787/b3a95829-en _z[shows all issues in this serial since 2017] |
|
| 902 | _aELE PUB. ELECTRONICA | ||
| 942 |
_2CES _cBK _h0.1. |
||
| 999 |
_c53881 _d53881 |
||